[Event "ch-Southern FR Men"]
[Site "Armavir RUS"]
[Date "2011.03.20"]
[Round "9"]
[White "Nezamyatin,Ruslan"]
[Black "Gladkov,K"]
[Result "0-1"]
[WhiteElo "2238"]
[BlackElo "2077"]

1.d4 d5 2.Nf3 Nf6 3.c4 c6 4.Qc2 dxc4 5.Qxc4 Bf5 6.Nc3 e6 7.a4 Na6 8.Nd2 Nb4
9.e4 Bg6 10.Kd1 Ng4 11.Qe2 Nd3 12.Kc2 Ngxf2 13.Rg1 Nb4+ 14.Kb3 Nfd3 15.Qe3 Nxc1+
16.Rxc1 Be7 17.Rd1 O-O 18.Na2 Qb6 19.Nc4 Nd5+ 20.Nxb6 Nxe3 21.Rd3 axb6 22.Rxe3 Rfd8
23.Nc3 Rxd4 24.Rd3 Bc5 25.Rh1 Rad8 26.Rxd4 Bxd4 27.Bd3 Be5 28.Kc2 Rd4 29.b3 h6
30.h3 Kf8 31.Rf1 Ke7 32.g4 Rd8 33.Nb1 Ra8 34.Nd2 b5 35.Nf3 Bd6 36.axb5 cxb5
37.Kb2 Ba3+ 38.Kb1 f6 39.h4 Rd8 40.Bc2 Bb4 41.Kb2 Rc8 42.Rf2 Bc3+ 43.Kc1 Ra8
44.Kd1 Ra1+ 45.Ke2 b4 46.Kd3 Be8 47.g5 Rh1 48.gxh6 gxh6 49.Rh2 Rxh2 50.Nxh2 Bh5
51.Kc4 Be2+ 52.Bd3 b5+  0-1

[Event "ch-VIE Men"]
[Site "Da Lat VIE"]
[Date "2011.03.20"]
[Round "1.7"]
[White "Tu Hoang Thong"]
[Black "Nguyen,Duc Viet"]
[Result "1/2-1/2"]
[WhiteElo "2447"]
[BlackElo "2078"]

1.d4 d5 2.c4 c6 3.Nf3 Nf6 4.Nbd2 Nbd7 5.g3 e6 6.Bg2 Bd6 7.O-O O-O 8.Qc2 e5
9.cxd5 Nxd5 10.Nc4 Qe7 11.Nxd6 Qxd6 12.Rd1 exd4 13.Nxd4 Qc5 14.e4 Qxc2 15.Nxc2 Nc7
16.Be3 Ne5 17.f4 Nc4 18.Bc5 Re8 19.b3 Ne6 20.Bf2 Nb6 21.Rd2 Nf8 22.Ne3 f6
23.a4 Be6 24.a5 Nbd7 25.Nc4 Reb8 26.Rd3 Bxc4 27.bxc4 Kf7 28.Rb1 b6 29.a6 Rc8
30.Rbd1 Rc7 31.Rd6 Re8 32.e5 Nb8 33.exf6 gxf6 34.Ra1 Rd7 35.Rxc6 Nxc6 36.Bxc6 Rc8
37.Bxd7 Nxd7 38.Ra4 f5 39.Kg2 Ke6 40.Bd4 h5 41.Kf3 Rc6 42.Ke3 Kd6 43.Kd3 Nc5+
44.Bxc5+ Kxc5 45.Kc3 Re6 46.Kd3 Rd6+ 47.Kc3 Re6  1/2-1/2

[Event "ch-VIE Men"]
[Site "Da Lat VIE"]
[Date "2011.03.20"]
[Round "1.9"]
[White "Tu Hoang Thai"]
[Black "Pham,Quang Hung"]
[Result "1/2-1/2"]
[WhiteElo "2378"]
[BlackElo "2015"]

1.d4 d5 2.Nf3 Nf6 3.c4 c6 4.Qc2 e6 5.g3 Bb4+ 6.Nbd2 O-O 7.Bg2 Ne4 8.O-O f5
9.e3 Nd7 10.a3 Bd6 11.b4 Ndf6 12.Bb2 a5 13.c5 Bc7 14.Nb3 Qe8 15.Nxa5 Ng4
16.Ne5 Ng5 17.f4 Bxe5 18.fxg5 Bc7 19.Qe2 Qh5 20.Bf3 Qxg5 21.Bxg4 Qxg4 22.Qxg4 fxg4
23.Rxf8+ Kxf8 24.Nb3 Bd7 25.Nc1 Be8 26.Bc3 Bg6 27.Nb3 Ke7 28.Na5 Bxa5 29.bxa5 Rf8
30.Rf1 Rxf1+ 31.Kxf1 Bd3+ 32.Kf2 Kf6 33.Bb4 Kf5 34.Be1 Ke4 35.Bb4 Bb5 36.Be1 Kd3
37.Bb4  1/2-1/2

[Event "TCh-BEL 2010-11"]
[Site "Ghent BEL"]
[Date "2011.03.20"]
[Round "10.3"]
[White "Van Haastert,E"]
[Black "Rausis,I"]
[Result "1/2-1/2"]
[WhiteElo "2419"]
[BlackElo "2470"]

1.d4 d5 2.c4 c6 3.Nf3 dxc4 4.e3 Be6 5.Qc2 Nf6 6.Bxc4 Bxc4 7.Qxc4 Qa5+ 8.Nbd2 Qa6
9.b3 e6 10.O-O Qxc4 11.Nxc4 Be7 12.Na5 b6 13.Nc4 O-O 14.Rd1 Nbd7 15.Bb2 Rfc8
16.Rac1 Kf8 17.Nce5 Nxe5 18.Nxe5 c5 19.dxc5 Bxc5 20.Kf1 Ke8 21.Nc4 Rd8 22.Ke2 Bf8
23.Ne5 Rxd1 24.Rxd1 Rc8 25.Rc1  1/2-1/2

[Event "ch-VIE Women"]
[Site "Da Lat VIE"]
[Date "2011.03.22"]
[Round "4.4"]
[White "Phan Nguyen Mai Chi"]
[Black "Tran Le Dan Thuy"]
[Result "1-0"]
[WhiteElo "2150"]
[BlackElo "1730"]

1.d4 d5 2.c4 c6 3.Nf3 dxc4 4.e3 b5 5.a4 Bb7 6.b3 a5 7.bxc4 b4 8.Bd3 e6 9.O-O Nd7
10.Qe2 g6 11.Nbd2 Bg7 12.Ne4 Ba6 13.c5 Bxd3 14.Qxd3 Nh6 15.Nd6+ Ke7 16.e4 f6
17.e5 Nf7 18.Qc4 Nf8 19.Re1 Qd7 20.exf6+ Bxf6 21.Bf4 Nxd6 22.cxd6+ Kf7 23.Rac1 h6
24.Be5 g5 25.Bxf6 Kxf6 26.Ne5 Qxd6 27.Qd3 Ra7 28.Rxc6 Qd5 29.Rc5 Qb7 30.Rec1 Rg8
31.Rb5 Qa8 32.Rc6 Qd8 33.g3 g4 34.Qe3 Rg5 35.Nxg4+ Kg7 36.Ne5 Qf6 37.f4 Rf5
38.d5 Re7 39.d6 Re8 40.Rb7+ Kg8 41.d7 Rd8 42.Rc8 Nxd7 43.Rxd8+ Qxd8 44.Nxd7  1-0

[Event "Kiev Spring 2011"]
[Site "Kiev UKR"]
[Date "2011.03.22"]
[Round "5.7"]
[White "Martynov,P2"]
[Black "Motsar,Irina"]
[Result "1/2-1/2"]
[WhiteElo "2229"]
[BlackElo "2093"]

1.d4 d5 2.c4 c6 3.Nf3 Nf6 4.Qb3 g6 5.Nc3 Bg7 6.cxd5 cxd5 7.Bg5 Nc6 8.e3 e6
9.Be2 h6 10.Bf4 O-O 11.h3 a6 12.Rc1 Ne4 13.O-O g5 14.Bh2 Kh8 15.Nxe4 dxe4
16.Ne5 Nxe5 17.Bxe5 Bxe5 18.dxe5 b5 19.Qb4 Bb7 20.a4 a5 21.Qb3 b4 22.Rc5 Rc8
23.Rfc1 Qb6 24.Rxc8 Rxc8 25.Rxc8+ Bxc8 26.Qc2 Bb7 27.Bb5 Kg7 28.h4 Qd8 29.Qc5 gxh4
30.Qd6 Qg5 31.Kf1 h3 32.gxh3 Qf5 33.Qc7 Qxh3+ 34.Ke1 Qh1+ 35.Kd2 Bd5 36.Qxa5 Bb3
37.Qxb4 Qd1+ 38.Kc3 Qc2+ 39.Kd4 Qxb2+ 40.Qc3 Qb1 41.a5 Qd1+ 42.Kc5 h5 43.a6 Bd5
44.a7 h4 45.Kb6 h3 46.Bc6 Bxc6 47.Qxc6 Qb1+ 48.Kc7 h2 49.a8=Q h1=Q 50.Qd8 Qbc1
51.Qf6+ Kg8 52.Qxc1 Qxc1+ 53.Kd8 Qc6 54.Qg5+ Kf8 55.Qe7+ Kg7 56.Qg5+ Kf8
57.Qe7+ Kg7 58.Qf6+ Kg8 59.Qg5+ Kf8  1/2-1/2

[Event "ch-VIE Men"]
[Site "Da Lat VIE"]
[Date "2011.03.24"]
[Round "7.5"]
[White "Tu Hoang Thong"]
[Black "Vo Thanh Ninh"]
[Result "0-1"]
[WhiteElo "2447"]
[BlackElo "2315"]

1.d4 d5 2.Nf3 Nf6 3.c4 c6 4.Qc2 a6 5.g3 e6 6.Nbd2 Be7 7.Bg2 O-O 8.O-O Nbd7
9.Rd1 Re8 10.e4 dxe4 11.Nxe4 Nxe4 12.Qxe4 Qb6 13.b3 a5 14.Rb1 Nf8 15.Ne5 f6
16.c5 Qd8 17.Nc4 Bxc5 18.h4 Be7 19.Bd2 Bb4 20.Be3 Qe7 21.Bc1 Bd7 22.a3 Bd6
23.Nxd6 Qxd6 24.Qc2 Red8 25.a4 Be8 26.Bf4 Bg6 27.Qc3 Qd7 28.Rbc1 Bh5 29.Rd2 Ng6
30.Qe3 Nxf4 31.Qxf4 e5 32.Qe4 Bg6 33.Qf3 exd4 34.h5 Bf7 35.h6 Qd5 36.Qe2 Qe6
37.Qd1 Qe5 38.hxg7 Rd6 39.Re2 Qh5 40.g4 Qg5 41.Re7 d3 42.Rc3 d2 43.Rce3 Rad8
44.Rxb7 R8d7 45.Rxd7 Rxd7 46.Bf3 Qc5 47.Kf1 Qc1 48.Ke2 Bc4+  0-1

[Event "FIDE Zonal 3.5 2011"]
[Site "Tianjin CHN"]
[Date "2011.03.25"]
[Round "6"]
[White "Bu Xiangzhi"]
[Black "Ma,Zhonghan"]
[Result "1-0"]
[WhiteElo "2677"]
[BlackElo "2262"]

1.d4 d5 2.c4 c6 3.Nf3 Nf6 4.Qb3 dxc4 5.Qxc4 Bf5 6.g3 e6 7.Bg2 Nbd7 8.O-O Be7
9.e3 O-O 10.Qe2 Ne4 11.Ne1 c5 12.Nc3 Ndf6 13.f3 Nxc3 14.bxc3 Bg6 15.Bb2 Rc8
16.e4 cxd4 17.cxd4 Bb4 18.Rf2 Bc3 19.Qe3 Qa5 20.Nd3 Bxb2 21.Rxb2 b6 22.Bf1 Rfd8
23.Nb4 Qa4 24.Ba6 Rc7 25.Kg2 h6 26.Rab1 Nd7 27.Qe2 Nb8 28.Bb5 Qa3 29.Rb3 Qa5
30.Rd1 a6 31.Bxa6 Nxa6 32.Qxa6 Rc2+ 33.Kg1 Qxa6 34.Nxa6 Rxa2 35.Nb4 Re2 36.d5 exd5
37.Nxd5 Ra8 38.Nf4 Rc2 39.Rxb6 Ra3 40.Rbb1 Kh7 41.Rd3 Raa2 42.h4 f6 43.Rdd1 Bf7
44.Ra1 Rxa1 45.Rxa1 g5 46.Ng2 Rb2 47.Ra7 Kg8 48.Ra6 Kg7 49.Ne3 Bg6 50.h5 Bxh5
51.Nf5+ Kf7 52.g4 Bg6 53.Nxh6+ Kg7 54.Nf5+ Bxf5 55.gxf5 Kf7 56.Kf1 Rc2 57.Ke1 Rh2
58.Rd6 Rh3 59.Kf2 Rh2+ 60.Kg3 Rh1 61.Rd7+ Kf8 62.e5 fxe5 63.Kg4 Ke8 64.Ra7 Rf1
65.Rb7 Rf2 66.Rc7 Rf1 67.Ra7 Rf2 68.f6 e4 69.Kf5 Rxf3+ 70.Ke6 Kd8 71.Rd7+ Kc8
72.Rg7 e3 73.Rxg5 Kd8 74.f7 e2 75.Rd5+ Kc7 76.Re5 Kd8 77.Rxe2 Rf1 78.Re5  1-0

[Event "1st Armen Norouz Cup"]
[Site "Esfahan IRI"]
[Date "2011.03.26"]
[Round "2"]
[White "Shalamberidze,A"]
[Black "Lorparizangeneh,S"]
[Result "1/2-1/2"]
[WhiteElo "2360"]
[BlackElo "2044"]

1.d4 d5 2.c4 c6 3.Nf3 Nf6 4.Qc2 dxc4 5.Qxc4 Bf5 6.g3 e6 7.Bg2 Nbd7 8.O-O Be7
9.Nc3 O-O 10.Qb3 Qb6 11.Nd2 e5 12.d5 cxd5 13.Nxd5 Nxd5 14.Bxd5 Nc5 15.Qf3 Qg6
16.Nc4 e4 17.Qe3 Rad8 18.b4 Rxd5 19.bxc5 Bxc5 20.Qb3 Bh3 21.Rd1 Rxd1+ 22.Qxd1 Qe6
23.Be3 Qxc4 24.Rc1 Qxa2 25.Bxc5 Rc8 26.Ra1 Qc4 27.Bxa7 Qc2 28.Qe1 Bg4 29.Kf1 b5
30.Rd1 b4 31.Rd2 Qa4 32.Bd4 h5 33.Qb1 b3 34.Qb2 Rc2 35.Rxc2 bxc2 36.Bc3 Qa2
37.Qc1 Bxe2+ 38.Ke1 Bd1 39.Qg5 f6 40.Bxf6 Qf7 41.Bb2 Qb7 42.Qd8+ Kh7 43.Qd4 Bf3
44.Kd2  1/2-1/2

[Event "ch-Moscow S/F 2011"]
[Site "Moscow RUS"]
[Date "2011.03.26"]
[Round "8"]
[White "Demianjuk,A"]
[Black "Shuvalov,E"]
[Result "1/2-1/2"]
[WhiteElo "2316"]
[BlackElo "2252"]

1.d4 d5 2.c4 c6 3.Nf3 Nf6 4.Qb3 dxc4 5.Qxc4 Bf5 6.g3 e6 7.Bg2 Be7 8.O-O Nbd7
9.Nc3 O-O 10.Re1 Bg6 11.e4 Rc8 12.Qe2 Bh5 13.Bf4 Re8 14.Rad1 Bf8 15.h3 Bxf3
16.Bxf3 Qa5 17.Bg2 Rcd8 18.Bd2 Qb6 19.Be3 Qb4 20.Qc2 Nb6 21.a3 Qa5 22.b4 Qh5
23.Ne2 Qb5 24.Nc3 Qh5 25.Qb3 Nfd7 26.a4 a6 27.Ne2 e5 28.d5 cxd5 29.exd5 Bd6
30.g4 Qh4 31.Ng3 g6 32.Ne4 Qe7 33.g5 Nc8 34.Rb1 Bb8 35.h4 Nd6 36.Nf6+ Nxf6
37.gxf6 Qd7 38.Bb6 Rc8 39.Bh3 Nf5 40.Re4 Bc7 41.Bxc7 Rxc7 42.Rbe1 Qc8 43.d6 Rc1
44.Qf3 Rxe1+ 45.Rxe1 Nd4 46.Qg4 Qc6 47.d7 Rf8 48.Bg2 Qxf6 49.Qg5 Qd8 50.Qxe5 Qxd7
51.Qd5 Rd8 52.Qxd7 Rxd7 53.Re8+ Kg7 54.Rb8 b5 55.axb5 axb5 56.Rb6 Rc7 57.Kh2 Rc4
58.Bd5 Rxb4 59.Rb7 Nf5 60.Rxf7+ Kh6 61.h5 Rh4+ 62.Kg1 Rxh5 63.Rd7 Rh4 64.Bg8 Ng7
65.Rb7 b4 66.Kf1 Rf4 67.Kg2 Rf8 68.Bb3 Rf4 69.Bg8 Rf8 70.Bb3 Nh5 71.Rxb4 Nf4+
72.Kg3 Kg5 73.Bc2 h5 74.Rb5+ Kh6 75.Rb6 Kg5 76.Rb5+ Kh6 77.Rb6 Rf7 78.Ra6 Kg7
79.Bd1 Nd5 80.Bc2 Nf4 81.Bd1 Nd5 82.Bb3 Rd7 83.Bxd5 Rxd5 84.f4 Rd3+ 85.Kg2 h4
86.Kf2 h3 87.Rb6 Rd2+ 88.Kg1 Rg2+ 89.Kh1 Rf2 90.Rb3 h2 91.Rb6 Kh6 92.f5 Rxf5
93.Kxh2 Kh5 94.Kg2 Rc5 95.Rb4 Kg5 96.Kg3 Rc3+ 97.Kg2 Kf5 98.Ra4 g5 99.Rb4 Re3
100.Ra4 g4 101.Ra8 Re2+ 102.Kg3 Re3+ 103.Kg2 Re6 104.Kg3  1/2-1/2

[Event "TCh-BEL 2010-11"]
[Site "Roux BEL"]
[Date "2011.03.27"]
[Round "11.3"]
[White "Litwak,A"]
[Black "Lemmers,O"]
[Result "0-1"]
[WhiteElo "2304"]
[BlackElo "2395"]

1.d4 d5 2.c4 c6 3.Nf3 Nf6 4.Qb3 dxc4 5.Qxc4 Bg4 6.Nc3 Nbd7 7.e4 Bxf3 8.gxf3 e5
9.Be3 exd4 10.Bxd4 Bd6 11.O-O-O Qc7 12.Rg1 O-O 13.Bh3 Be5 14.Kb1 Nb6 15.Qc5 Rfe8
16.Rg5 Nfd7 17.Bxd7 Nxd7 18.Qc4 Nf8 19.Rdg1 g6 20.R5g4 b5 21.Qc5 Bxd4 22.Qxd4 Rad8
23.Qe3 Nd7 24.f4 b4 25.f5 Ne5 26.Rh4 bxc3 27.Qh6 Qd6 28.Qxh7+ Kf8 29.fxg6 Qd3+  0-1

[Event "Zonal 2.3 Caribbean 2011"]
[Site "Santiago de los Caballeros DOM"]
[Date "2011.03.27"]
[Round "13"]
[White "Pitterson,J"]
[Black "Dominguez Perez,L"]
[Result "0-1"]
[WhiteElo "2263"]
[BlackElo "2716"]

1.d4 d5 2.c4 c6 3.Nf3 Nf6 4.Qb3 dxc4 5.Qxc4 Bf5 6.g3 e6 7.Bg2 Nbd7 8.O-O Be7
9.e3 O-O 10.Qe2 Qc7 11.Rd1 e5 12.h3 Rfe8 13.Nc3 h6 14.e4 Bg6 15.dxe5 Nxe5
16.Nxe5 Qxe5 17.Be3 Bb4 18.f4 Qe6 19.e5 Bxc3 20.bxc3 Nd5 21.Bd4 c5 22.c4 Nxf4
23.gxf4 cxd4 24.Rxd4 Rad8 25.Qf2 b6 26.Rad1 Rxd4 27.Qxd4 Rc8 28.Rc1 Rc5 29.Kh2 Ra5
30.c5 Rxc5 31.Rxc5 bxc5 32.Qxc5 Qxa2 33.Qc8+ Kh7 34.f5 Bh5 35.Qc3 Qf2 36.e6 Qxf5
37.e7 f6 38.Qe3 Qd7 39.Be4+ f5 40.Bg2 Qd6+ 41.Kh1 Be8 42.Qxa7 Kg6 43.Qb7 Kf6
44.Bd5 g6 45.Qb2+ Qe5 46.Qb6+ Kxe7 47.Qc5+ Qd6 48.Qe3+ Kd8 49.Bg2 g5 50.Qa7 Bd7
51.Qa8+ Ke7 52.Qa1 Be8 53.Qg7+ Bf7 54.Qa1 f4 55.Qa7+ Kf6 56.Qb7 Qe5 57.Qc6+ Kg7
58.Kg1 h5 59.Qf3 Qe3+ 60.Qxe3 fxe3 61.Bf1 h4 62.Be2 Kf6 63.Kf1 Ke5 64.Ke1 Be6
65.Bf1 Kf4  0-1

[Event "TCh-HUN 2010-11"]
[Site "Budapest HUN"]
[Date "2011.04.10"]
[Round "8"]
[White "Czebe,A"]
[Black "Feher,Ad"]
[Result "1-0"]
[WhiteElo "2479"]
[BlackElo "2348"]

1.d4 d5 2.c4 c6 3.Nf3 Nf6 4.Nbd2 Bf5 5.Nh4 Bg6 6.Qb3 Qc7 7.Nxg6 hxg6 8.g3 e6
9.Bg2 Nbd7 10.O-O Rd8 11.cxd5 exd5 12.e4 dxe4 13.Nxe4 Nxe4 14.Bxe4 Nf6 15.Re1 Be7
16.Bg5 O-O 17.Bxg6 Rd5 18.Bf4 Bd6 19.Bxd6 Qxd6 20.Bc2 b6 21.Rad1 Rxd4 22.Rxd4 Qxd4
23.Re7 a5 24.Rc7 Ng4 25.Qf3 c5 26.Qe2 Rd8 27.Bb3 Ne5 28.Re7 a4 29.Bc2 Nd7
30.Re4 Qd5 31.Rxa4 Nf6 32.Ra7 Re8 33.Re7 Rxe7 34.Qxe7 Qd2 35.Ba4 Qxb2 36.Qd8+ Kh7
37.Qd3+ Kg8 38.Bb3 Qd4 39.Qxd4 cxd4 40.f3 Nd7 41.Kf2 Nc5 42.h4 Kf8 43.g4 f6
44.Bc4 Ke7 45.Kg3 Kd6 46.Kf4 Nd7 47.Ke4 Ne5 48.Be2 Kc5 49.h5 b5 50.f4 d3
51.Bd1 Nc4 52.Kxd3 Nb2+ 53.Kc2 Nc4 54.Be2 Ne3+ 55.Kd3 Nd5 56.Ke4 Nc3+ 57.Kf3 Kd4
58.a3 Nb1 59.g5 fxg5 60.fxg5 Ke5 61.Bxb5 Nxa3 62.Bd3 Ke6 63.Kg4 Kf7 64.Kf5 Kg8
65.Ke5  1-0

[Event "Italian Rapid g30"]
[Site "Fano ITA"]
[Date "2011.04.15"]
[Round "7"]
[White "Efimov,Ig"]
[Black "Caprio,G"]
[Result "1-0"]
[WhiteElo "2415"]
[BlackElo "2299"]

1.d4 Nf6 2.Nf3 d5 3.c4 c6 4.Qc2 g6 5.Bf4 Bg7 6.e3 O-O 7.h3 Be6 8.Nbd2 Nbd7
9.Bd3 dxc4 10.Bxc4 Bxc4 11.Nxc4 Nb6 12.O-O Qd5 13.Ncd2 a5 14.e4 Qb5 15.Rfe1 a4
16.Rac1 Nfd7 17.Nb1 Rfe8 18.Nc3 Qb4 19.Bd2 Qa5 20.Nd5 Qa7 21.Nc7 Qb8 22.Nxe8 Qxe8
23.Bb4 e5 24.dxe5 Nxe5 25.Nxe5 Bxe5 26.Bc3 Qe7 27.Bxe5 Qxe5 28.Qc3 Qb5 29.Qc5 Ra5
30.Qxb5 Rxb5 31.Rc2 Kg7 32.f4 g5 33.g3 Nd7 34.e5 gxf4 35.gxf4 Kg6 36.Rg2+ Kf5
37.Rg7 Ke6 38.Re2 Rb4 39.Rf2 Nf8 40.f5+  1-0

[Event "Norsk Open A"]
[Site "Fagernes NOR"]
[Date "2011.04.17"]
[Round "6"]
[White "Bosch,Je"]
[Black "Gronnestad,A"]
[Result "1-0"]
[WhiteElo "2424"]
[BlackElo "2031"]

1.d4 d5 2.c4 c6 3.Nf3 Nf6 4.Qc2 e6 5.Bg5 Bb4+ 6.Nbd2 h6 7.Bxf6 Qxf6 8.e3 Nd7
9.cxd5 exd5 10.Bd3 Nf8 11.Ne5 Ne6 12.O-O O-O 13.f4 c5 14.dxc5 Bxc5 15.Rae1 Bb6
16.Kh1 Nc5 17.Ndf3 Be6 18.Nd4 Rac8 19.Bh7+ Kh8 20.Qb1 Rfd8 21.Bc2 Kg8 22.Rc1 Ne4
23.Bxe4 dxe4 24.Rxc8 Rxc8 25.Qxe4 Bxd4 26.exd4 Qe7 27.d5 Bd7 28.Qd3 Qd6 29.h3 Be8
30.Rd1 a6 31.b3 Rd8 32.Qf3 b5 33.Ng4 Bc6 34.Ne3 Bb7 35.Qe4 Qd7 36.Qd4 Re8
37.Kh2 Re7 38.a4 bxa4 39.bxa4 Re8 40.Rb1 Rd8 41.Rd1 Re8 42.a5 Re7 43.Rd2 Re8
44.Rb2 Bc6 45.Rc2 Bb5 46.Rc5 Kh7 47.d6 Re6 48.Nf5 Rg6 49.Qe4 Re6 50.Re5 g6
51.Rxe6 fxe6 52.Ne7  1-0

[Event "TCh-SUI 2011"]
[Site "Switzerland SUI"]
[Date "2011.04.17"]
[Round "3.6"]
[White "Domont,A"]
[Black "Fierz,M"]
[Result "0-1"]
[WhiteElo "2364"]
[BlackElo "2326"]

1.d4 d5 2.c4 c6 3.Nf3 Nf6 4.Qc2 dxc4 5.Qxc4 Bf5 6.g3 e6 7.Bg2 Be7 8.O-O O-O
9.e3 Nbd7 10.Rd1 Qc7 11.Qe2 c5 12.Nc3 Ne4 13.Ne1 Nxc3 14.bxc3 Bg6 15.Nd3 Rab8
16.Nf4 Bd6 17.e4 Nb6 18.h4 cxd4 19.cxd4 Qc4 20.Qf3 e5 21.Nd3 f6 22.h5 Be8
23.h6 Ba4 24.hxg7 Kxg7 25.Qg4+ Kh8 26.Bh6 Rf7 27.Rd2 Rg8 28.Qh5 Qe6 29.Bh3 Qe7
30.dxe5 fxe5 31.Bf5 Nc4 32.Re2 Be8 33.Qh3 Bd7 34.Bxd7 Qxd7 35.Qxd7 Rxd7 36.Rc1 b5
37.Nb2 Nxb2 38.Rxb2 Ba3 39.Rbc2 Bxc1 40.Bxc1 Rg4 41.Rc5 Rxe4 42.Bh6 Kg8 43.Rxb5 Kf7
44.Ra5 Red4 45.Be3 R4d5 46.Ra6 R5d6 47.Ra5 a6 48.Kg2 Ke6 49.Kf3 Rc7 50.Bc5 Rdc6
51.Be3 Rb7 52.Kg4 Rb4+ 53.Kg5 Rb5 54.Ra4 Kd5 55.Kf5 a5 56.Ra3 Rc2 57.g4 Kc4
58.Ba7 Kb4 59.Rb3+ Ka4 60.Rh3 Rb7 61.Be3 Ka3 62.Bc5+ Kb2 63.Bd6 Rxf2+ 64.Kxe5 Rb5+
65.Ke4 Rg5 66.Ke3 Rg2 67.Bf4 R5xg4 68.Rxh7 Rc2 69.Kf3 Rg8 70.Ra7 Rf8 71.Ke3 Rc3+
72.Kd2 Rxf4 73.Rb7+ Rb4  0-1

[Event "Norsk Open A"]
[Site "Fagernes NOR"]
[Date "2011.04.18"]
[Round "2"]
[White "Johannessen,LE"]
[Black "Haarr,J"]
[Result "1-0"]
[WhiteElo "2514"]
[BlackElo "2204"]

1.Nf3 d5 2.d4 Nf6 3.c4 c6 4.Qc2 e6 5.g3 b6 6.Bg2 Bb7 7.O-O Nbd7 8.Rd1 Bd6
9.Nc3 O-O 10.e4 dxe4 11.Ng5 Re8 12.Ncxe4 Bf8 13.Bf4 h6 14.Nxf6+ Nxf6 15.Nf3 Bd6
16.Be5 Qe7 17.Bxd6 Qxd6 18.Ne5 Rac8 19.Rac1 Red8 20.Qa4 Qc7 21.c5 bxc5 22.Rxc5 Nd7
23.Nxd7 Rxd7 24.Rdc1 Qb6 25.d5 exd5 26.Bh3 Rdd8 27.Bxc8 Rxc8 28.Qd4 Re8 29.Qd2 Re6
30.b4 Re4 31.a3 Qa6 32.Ra5 Qb6 33.Rac5 Qa6 34.Ra5 Qb6 35.Re1 Rxe1+ 36.Qxe1 Kf8
37.Qe5 a6 38.Qb8+ Ke7 39.Rc5 g6 40.Rc1 Kf6 41.Re1 c5 42.Qe5+  1-0

[Event "ch-DEN"]
[Site "Odense DEN"]
[Date "2011.04.18"]
[Round "3"]
[White "Pedersen,Stef"]
[Black "Seegert,K"]
[Result "1-0"]
[WhiteElo "2417"]
[BlackElo "2146"]

1.d4 d5 2.c4 c6 3.Nf3 Nf6 4.Qb3 dxc4 5.Qxc4 Bf5 6.g3 e6 7.Bg2 Nbd7 8.O-O Be7
9.e3 O-O 10.Qe2 Ne4 11.Rd1 Qb6 12.Ne1 c5 13.Nc3 Ndf6 14.f3 Nxc3 15.bxc3 Bg6
16.e4 cxd4 17.cxd4 Rac8 18.Be3 Qa5 19.Bh3 Rc6 20.Nd3 Qa4 21.Nc5 Bxc5 22.dxc5 Rfc8
23.Rab1 R6c7 24.Rd4 Qe8 25.Rdb4 Nd7 26.Rxb7 Nxc5 27.Rxc7 Rxc7 28.Rc1 Qc8
29.Bf4  1-0

[Event "12th TCh-RUS Women"]
[Site "Olginka RUS"]
[Date "2011.04.19"]
[Round "4"]
[White "Nebolsina,V"]
[Black "Gunina,V"]
[Result "0-1"]
[WhiteElo "2305"]
[BlackElo "2472"]

1.d4 d5 2.c4 c6 3.Nf3 Nf6 4.Qb3 dxc4 5.Qxc4 Bf5 6.g3 e6 7.Bg2 Be7 8.O-O O-O
9.e3 Nbd7 10.Qe2 h6 11.Nc3 Bh7 12.e4 b5 13.e5 Nd5 14.Nxd5 cxd5 15.Qxb5 Rb8
16.Qa6 Qb6 17.Qxb6 Nxb6 18.b3 Rfc8 19.a3 Rc3 20.Nd2 Rbc8 21.Re1 Nd7 22.Bf1 Nb8
23.Bb2 Rc2 24.Rec1 R8c6 25.Bb5 Rxb2 26.Bxc6 Nxc6 27.Rxc6 Rxd2 28.Rc8+ Bf8
29.Rac1 g5 30.Ra8 Kg7 31.Rxa7 Rxd4 32.Rcc7 Bg6 33.f3 Rd3 34.b4 Rxf3 35.Ra8 Bf5
36.h4 gxh4 37.gxh4 d4 38.Rcc8 d3 39.Rc1 d2 40.Rd1 Rd3  0-1

[Event "Joao Braga Open"]
[Site "Sao Paolo BRA"]
[Date "2011.04.20"]
[Round "1.4"]
[White "El Debs,F"]
[Black "Branchini,F"]
[Result "1-0"]
[WhiteElo "2496"]
[BlackElo "1959"]

1.Nf3 d5 2.d4 Nf6 3.c4 c6 4.Qc2 e6 5.g3 Bd6 6.Bg2 O-O 7.O-O Nbd7 8.Nbd2 Re8
9.b3 b6 10.cxd5 cxd5 11.Qc6 Qc7 12.Qxa8 Ba6 13.Qxe8+ Nxe8 14.Re1 Nef6 15.Bb2 Bb4
16.Rac1 Qb8 17.Rc2 Ne4 18.Rec1 Nxd2 19.Nxd2 Nf6 20.Nb1 Ne8 21.Bf1 Bb7 22.e3 a6
23.Ba3 Bxa3 24.Nxa3 Qd6 25.Nb1 Kf8 26.Nd2 Qe7 27.Nf3 f6 28.h4 Qd6 29.Bh3 Ke7
30.Ne1 h5 31.Nd3 e5 32.Bc8 Bxc8 33.Rxc8 Kd7 34.R8c6 Qb8 35.Nb4  1-0

[Event "Chance Cup Open 2011"]
[Site "Frydek Mistek CZE"]
[Date "2011.04.21"]
[Round "2"]
[White "Ovcina,D"]
[Black "Foltyn,L"]
[Result "1-0"]
[WhiteElo "2226"]
[BlackElo "2036"]

1.d4 d5 2.c4 c6 3.Nf3 Nf6 4.g3 Bf5 5.Nc3 e6 6.Bg2 Nbd7 7.O-O h6 8.Nd2 Bb4
9.Qb3 Qa5 10.a3 Bxc3 11.bxc3 b5 12.cxb5 cxb5 13.a4 Rb8 14.axb5 Qxb5 15.Qxb5 Rxb5
16.Ba3 Nb8 17.c4 Rb6 18.Rfc1 Nc6 19.Bc5 Rb2 20.cxd5 exd5 21.Nc4 dxc4 22.Bxc6+ Bd7
23.Bf3 a6 24.Rxa6 Bc8 25.Bc6+ Kd8 26.Ra7 Nd7 27.Bd6 f5 28.Rxc4  1-0

[Event "12th TCh-RUS Women"]
[Site "Olginka RUS"]
[Date "2011.04.22"]
[Round "6"]
[White "Galliamova,A"]
[Black "Ovod,E"]
[Result "1-0"]
[WhiteElo "2497"]
[BlackElo "2405"]

1.d4 d5 2.c4 c6 3.Nf3 Nf6 4.Qb3 dxc4 5.Qxc4 Bf5 6.g3 e6 7.Bg2 Nbd7 8.O-O Be7
9.e3 h6 10.Nc3 O-O 11.Qe2 Bh7 12.Rd1 Nd5 13.e4 Nxc3 14.bxc3 c5 15.Rb1 cxd4
16.cxd4 Nb6 17.Ne5 Rc8 18.Qb5 Rc7 19.Bf4 Bd6 20.a4 Bxe5 21.Bxe5 Rd7 22.a5 Nc8
23.d5 a6 24.Qa4 exd5 25.Rbc1 f6 26.Bb2 Kh8 27.exd5 Nd6 28.Ba3 Re8 29.Re1 Rxe1+
30.Rxe1 Bg8 31.Bh3 f5 32.Bxd6 Rxd6 33.Bxf5 Rxd5 34.Re8 Rd1+ 35.Kg2 Qd5+ 36.Be4 Qd7
37.Qxd7 Rxd7 38.Bg6 Rc7 39.h4 h5 40.g4 hxg4 41.h5 Rc5 42.Bf7 Kh7 43.Bxg8+ Kh6
44.Bf7 Rxa5 45.Re6+ Kg5 46.Rg6+ Kf5 47.Be6+ Ke4 48.Bxg4 Kf4 49.Rxg7 Rd5 50.h6 Rd6
51.h7 Rh6 52.Bd1 b5 53.Bc2 b4 54.Rg8 b3 55.Bb1  1-0

[Event "17th Asian Cities"]
[Site "Jakarta INA"]
[Date "2011.04.23"]
[Round "3.2"]
[White "Kotsur,P"]
[Black "Tirto"]
[Result "1-0"]
[WhiteElo "2562"]
[BlackElo "2337"]

1.d4 d5 2.c4 c6 3.Nf3 Nf6 4.Qc2 dxc4 5.Qxc4 Bf5 6.g3 e6 7.Bg2 Nbd7 8.O-O Be7
9.Rd1 O-O 10.e3 h6 11.Nc3 Ne4 12.Nd2 Nxd2 13.Bxd2 Bc2 14.Re1 Nb6 15.Qe2 Bg6
16.Ne4 Nd7 17.b4 e5 18.b5 exd4 19.exd4 Nf6 20.bxc6 bxc6 21.Nxf6+ Bxf6 22.Be3 Rc8
23.Red1 Re8 24.Qa6 Be4 25.Bxe4 Rxe4 26.Rac1 Qe8 27.Rd3 Bg5 28.Rcc3 Bxe3 29.Rxe3 Rd8
30.Qxa7 Rxe3 31.Rxe3 Qd7 32.Qc5 Qd5 33.a4 Qxc5 34.dxc5 Ra8 35.Ra3 Ra5 36.Kg2 Kf8
37.Kf3 Ke7 38.Ke4 Rxc5 39.a5 Kd6 40.a6 Re5+ 41.Kd4 Rd5+ 42.Ke4 Re5+ 43.Kf4 g5+
44.Kg4 Re8 45.Kh5 c5 46.Kxh6 g4 47.Kg5 c4 48.Kxg4 Kc5 49.a7 Ra8 50.Kf3 Kb4
51.Ra6 Kb5 52.Ra1 c3 53.Ke2 Kc4 54.Kd1 Kd3 55.Ra3 f5 56.f4 Ke4 57.Kc2 Kf3
58.Kxc3 Kg2 59.Ra2+ Kh3 60.Kb4 Rc8  1-0

[Event "9th V Nabokov IM"]
[Site "Kyiv UKR"]
[Date "2011.04.23"]
[Round "7.2"]
[White "Nikolaev,L"]
[Black "Dolzhikova,K"]
[Result "1/2-1/2"]
[WhiteElo "2338"]
[BlackElo "2265"]

1.d4 d5 2.Nf3 Nf6 3.c4 c6 4.Nbd2 e6 5.e3 Nbd7 6.Bd3 Bd6 7.O-O O-O 8.e4 dxe4
9.Nxe4 Nxe4 10.Bxe4 f5 11.Bc2 c5 12.b3 b6 13.Bb2 Bb7 14.Re1 Bxf3 15.Qxf3 cxd4
16.Rxe6 Nc5 17.Ree1 d3 18.Qd5+ Kh8 19.Bb1 Qc7 20.g3 f4 21.g4 f3 22.Qh5 a5
23.Re3 Rad8 24.g5 Qf7 25.Qxf7 Rxf7 26.Bd4 Rfd7 27.Bxd3 Nxd3 28.Bxb6 Rf8 29.Rxd3 Bxh2+
30.Kxh2 Rxd3 31.Kg3 Rf5 32.Be3 Kg8 33.Rc1 g6 34.c5 Rxe3 35.fxe3 f2 36.Kg2 f1=Q+
37.Rxf1 Rxg5+ 38.Kf3 Rf5+ 39.Ke2 Rxc5 40.Kd3 h5 41.a3 h4 42.b4 axb4 43.axb4 Rh5
44.Rb1 h3 45.b5 h2 46.Rh1 Rxb5  1/2-1/2

[Event "Duflex Cup IM 2011"]
[Site "Frydek Mistek CZE"]
[Date "2011.04.25"]
[Round "9"]
[White "Jurek,J"]
[Black "Schwarz,Du"]
[Result "1-0"]
[WhiteElo "2338"]
[BlackElo "2308"]

1.Nf3 d5 2.d4 Nf6 3.c4 c6 4.Qc2 dxc4 5.Qxc4 Bf5 6.g3 e6 7.Bg2 Nbd7 8.O-O Be7
9.Nc3 Ne4 10.Qb3 Qb6 11.Nh4 Bxh4 12.gxh4 Ndf6 13.f3 Nxc3 14.bxc3 Nd7 15.e4 Bg6
16.Rb1 O-O 17.Be3 Qxb3 18.axb3 f5 19.Rbe1 Rac8 20.Bf4 Rfe8 21.Bd6 c5 22.d5 c4
23.b4 exd5 24.Bh3 Nf6 25.e5 Re6 26.Ra1 a6 27.Ra5 h5 28.Rd1 Rc6 29.b5 axb5
30.Rxb5 Kh7 31.Rxb7 Ne8 32.Bb8 Rb6 33.Rb1 Rxb1+ 34.Rxb1 Ra6 35.Rd1 Ra3 36.Rxd5 Rxc3
37.Rc5 Rxf3 38.Bf1 c3 39.Bb5 f4 40.Rc8 c2 41.Bxe8 Bd3 42.e6 Rf1+ 43.Kg2 f3+
44.Kg3 f2 45.Ba7 c1=Q 46.Rxc1 Rxc1 47.Kxf2 Bg6 48.Bd7 Rc2+ 49.Kg3 Rd2 50.Be3 Rd3
51.Kf4 Rd1 52.Ba4 Rf1+ 53.Ke5 Re1 54.Kf4 Ra1 55.Bc6 Ra6 56.Bd5 Ra4+ 57.Ke5 Rxh4
58.e7 Rb4 59.Bc5 Rb8 60.Bc6 Be8 61.Bd6 Rc8 62.Be4+ Kg8 63.Bd5+ Bf7 64.Bb7 Rc1
65.Bb4 Rc7 66.Bd5 Rc8 67.Be4 Rb8 68.Bc5 g6 69.h4 Kg7 70.Bd4 Rb4 71.Bc6 Rb8
72.Kd6+ Kg8 73.Kc7 Rb4 74.Bd5 Kh7 75.Bxf7  1-0

[Event "ch-RUS Rapid Women"]
[Site "Olginka RUS"]
[Date "2011.04.25"]
[Round "2"]
[White "Sukhareva,E"]
[Black "Galliamova,A"]
[Result "1-0"]
[WhiteElo "2180"]
[BlackElo "2497"]

1.d4 d5 2.Nf3 Nf6 3.c4 c6 4.Qc2 g6 5.g3 Bf5 6.Qb3 Qb6 7.Nc3 Nbd7 8.c5 Qc7
9.Bf4 Qc8 10.Rc1 Bg7 11.Qa4 O-O 12.Bg2 b6 13.b4 a5 14.b5 cxb5 15.Nxb5 bxc5
16.dxc5 Nxc5 17.Qa3 Nfe4 18.O-O Qc6 19.Nfd4 Qb6 20.Bc7 Qb7 21.Rxc5 Nxc5 22.Qxc5 e6
23.Nxf5 gxf5 24.a4 Rfc8 25.Rc1 Qa6 26.Qe3 Rf8 27.Qg5 Rac8 28.Bf1 h6 29.Qd2 d4
30.e3 dxe3 31.Qxe3 Ra8 32.Bg2 Rac8 33.Rc6 Qb7 34.Nd6 Qb1+ 35.Rc1 Qb2 36.Nxc8 Rxc8
37.Bf4 Rd8 38.Bf1 Bd4 39.Qe2 Qb3 40.Be3 Bxe3 41.Qxe3 Qxa4 42.Qxh6 Qg4 43.Qf6 Rf8
44.Qe5 a4 45.Rc4 Qg7 46.Qa5 Qf6 47.Qxa4 Kg7 48.Rh4 Rd8 49.Qf4 Rd1 50.Qf3 Qa1
51.Qg2 Qc1 52.Qh3 Kf6 53.Rh6+ Ke5 54.Rh7 f6 55.Qg2 Kd6 56.Ra7 Qc4 57.Ra8 Kc7
58.h4 e5 59.h5 e4 60.Ra7+ Kb6 61.Rd7 Rc1 62.Rd6+ Kc7 63.Rxf6 Qd4 64.Rxf5 e3
65.fxe3 Qxe3+ 66.Qf2  1-0